00426nam a2200121Ia 45000010005000000080041000050820022000461000097000682450072001652600024002379010028002619990015002893290241024s9999 xx 000 0 und d aRD/374/IN59m/2011 aRepública Dominicana. Instituto Superior de Formación Docente Salomé Ureña, ISFODOSU 0aManual de deberes y responsabilidades para el área administrativo bSanto Domingoc2011 a11/9/2013 10:26:04 a.m. c8460d8460